00314nam a2200133Ia 45000030006000000080041000060400015000471000020000622450035000822500010001172600024001275460012001510050017001630STCL150530s9999 xx 000 0 und d aSTCLcSTCL aGoodridge, J.F. aEmily Bronte:Wuthuring heights aFirst bEdward Arnoldc1985 aEnglish20220125170848.0